| 000 | 00629nam a2200229Ia 4500 | ||
|---|---|---|---|
| 008 | 160319s9999 xx 000 0 und d | ||
| 020 | _a9789715425834 | ||
| 050 | _a499.2117 | ||
| 050 | _b.S271 2008 | ||
| 245 | _aSawikaan 2007 : | ||
| 245 | _bmga salita ng taon / | ||
| 245 | _cRomulo P. Baquiran, Jr., Galileo S. Zafra. | ||
| 260 | _aQuezon City : | ||
| 260 | _bThe University of the Philippines Press | ||
| 260 | _c2008 | ||
| 300 | _axxi, 152 pages : | ||
| 300 | _billustrations ; | ||
| 300 | _c20 cm. | ||
| 650 | _aFilipino language. | ||
| 700 | _aBaquiran, Romulo P., Jr. | ||
| 700 | _aZafra, Galileo S. | ||
| 999 |
_c292369 _d292369 |
||